Statistics for Closest US Presidential Elections in Last Century

Click here to take the quiz!

General Stats

  • This quiz has been taken 336 times
  • The average score is 11 of 11

Answer Stats

Electoral VoteYearPresident% Correct
271-2662000George W Bush
100%
286-2512004George W Bush
100%
332-2062012Barack Obama
98%
365-1732008Barack Obama
98%
301-1911968Richard Nixon
98%
370-1681992Bill Clinton
97%
379-1591996Bill Clinton
97%
297-2401976Jimmy Carter
97%
303-2191960John F Kennedy
97%
303-1891948Harry S Truman
92%
277-2541916Woodrow Wilson
89%

Score Distribution

Percentile by Number Answered

Percent of People with Each Score

Your Score History

You have not taken this quiz